Joueurs Français au Real Madrid (Mort subite) - Statistiques

Statistiques générales
  • Ce quiz a été pris 2 570 fois
  • Le résultat moyen est 9 sur 15
Answers on the Grid
Answers color-coded by a green-red scale on the quiz's grid according to % correct below.
Kylian Mbappé
Aurélien Tchouaméni
Eduardo Camavinga
Alphonse Areola
Ferland Mendy
Théo Hernandez
Raphaël Varane
Karim Benzema
Lassana Diarra
Julien Faubert
Zinedine Zidane
Claude Makélélé
Nicolas Anelka
Christian Karembeu
Raymond Kopa
Olivier Giroud
Lucas Hernandez
Benjamin Mendy
Just Fontaine
Michel Platini
Alain Giresse
Jean-Pierre Papin
Eric Cantona
David Ginola
Jean-Michel Larqué
Hugo Lloris
Thierry Henry
Laurent Blanc
David Trezeguet
Manuel Amoros
 
Statistiques - réponses
Réponse % Correct
Karim Benzema
78%
Kylian Mbappé
77%
Zinedine Zidane
76%
Eduardo Camavinga
74%
Raphaël Varane
74%
Aurélien Tchouaméni
73%
Ferland Mendy
69%
Théo Hernandez
58%
Claude Makélélé
57%
Lassana Diarra
57%
Alphonse Areola
56%
Nicolas Anelka
50%
Raymond Kopa
43%
Julien Faubert
37%
Christian Karembeu
35%
Aucun quiz correspondant
Distribution des résultats
% des personnes avec chaque résultat
Percentile par nombre de réponses
Votre historique - résultats
Vous n’avez pas pris ce quiz